000 00818nam a22002897a 4500
001 BR9301276
003 BR-BrBNA
005 20230928093849.0
007 ta
008 230509b bl.||||| |||| 00| 0 por d
040 _aBR-BrBNA
_bpor
_cBiblioteca Nacional de Agricultura
041 _a(Por)
072 _aF01
_b0430
090 _ 0430 BR9301276
110 1 _aEmpresa de Assistencia Tecnica e Extensao Rural do Estado de Pernambuco, Recife (Brasil)
245 1 _aOrientacoes para o plantio de algodao herbaceo irrigado
260 3 _aRecife, PE (Brasil):
_c1992.
300 _a10 p.
650 _aAlgodao Herbaceo
650 _aIrrigacao
650 _aPratica Cultural
650 _aDesbaste
650 _aPraga de Planta
650 _aPratico
909 _a202309
_bLucia
_c55
_dLucia Elande
942 _cBK
999 _c47571
_d47571